000 01004cam a2200277 i 4500
003 SA-RiAUC
005 20260221114450.0
008 260112q19001999su g l f00010 ara c
040 _aSA-JeALM
_bara
_cSA-RiAUC
_erda
043 _aa-su---
082 0 4 _a342.531085
090 _aم ن 342.531085
_bم ر ك
110 2 _aالمركز الوطني للوثائق والمحفوظات (الرياض)
_eمؤلف.
245 1 2 _aالتعليمات الأساسية للمملكة الحجازية.
264 1 _aمكة :
_c[1926]
300 _a16 صفحة؛
_c29 سم.
336 _aنص
_btxt
_2rdacontent
_3كتاب
337 _aبدون وسيط
_bn
_2rdamedia
338 _aمجلد
_bnc
_2rdacarrier
650 7 _aالمطبوعات الحكومية
_2aucsh
650 7 _aحقوق الإنسان
_2aucsh
650 7 _aالدساتير
_zالسعودية
_2aucsh
650 7 _aالقانون
_zالسعودية
_2aucsh
942 _2ddc
_cRBOOK COPY
_n0
949 _aSA-JeALM
_d260112
_umohamedma123
_n1
999 _c14173
_d14173